000 01276nam a2200385Ia 4500
001 dia_3521
003 CHAP
005 20251027153749.0
008 220117s1987 xx 000 0 und d
010 _a173979
020 _a969-880-104-6
040 _cCHAP
082 _a576 B76 1987
100 _aBrock, Thomas D.
_915476
245 _aMicrobiología /
_c Thomas D. Brock, David W. Smith y Michael T. Madigan ; traducción Gustavo Lonngi Villanueva y Teresa de Jesús Garza Casais
250 _a4a ed.
260 _aMéxico :
_b Prentice-Hall Hispanoamericana,
_c1987
300 _axv, 906 p.
500 _aTítulo original: Biology of microorganisms
503 _aC/e
504 _aIncluye bibliografías
590 _aQR41.2 B76 1987
650 _aMicrobiología
_975490
650 _aMicrobiology
_9150545
650 _aMicroorganismos
_975519
650 _aMicroorganisms
_9150546
700 _aGarza Casais, Teresa de Jesús, tr.
_9154819
700 _aLonngi Villanueva, Gustavo, tr.
_9154820
700 _aMadigan, Michael T., coaut.
_9154821
700 _aSmith, David W., coaut.
_9154822
901 _a576 B76 1987
902 _aM
905 _a5232271987 mx aimn8222223322spa16
942 _cLIBRO
_2ddc
999 _c173979
_d173979